MDQL
is popping MORE tags! Check the
thread
!
Quizzes
Events
Quiz Creation
Community
Videos
Private Events
Remove Ads
Sign In
Join for FREE
Feedback
Dark Mode
Quiz Categories
Sports
Geography
Music
Movies
Television
Just For Fun
Miscellaneous
History
Literature
Language
Science
Gaming
Entertainment
Religion
Holiday
For Kids
Quiz Lab
Recent
Popular Today
Quiz Kudos Today
Editor Picks
Curator Picks
Quizzes by...
Day
Popularity
Type
Ratings
Length
Year
Community
Subscriptions
Recent Discussions
Orange Saloon
Badges
Playlists
Quests
Create
Leaderboards
Showdown
Live 5
Trivia Bingo
Activity
Puzzle Library
Sporcle Events
Private Events
Virtual Trivia
Globe League
Become a Host
Pub Owners
SporcleCon
Opinionation
Our Games
Videos
Blog
Mobile Apps
Partnerships
Remove Ads and Go Orange
Feedback
Sports
Athletes
MLB
NBA
NHL
NFL
Soccer
Sports Teams
WWE
NCAA
Football
Premier League
Basketball
Baseball
Hockey
Golf
Tennis
Cricket
Rugby
Auto Racing
Olympics
World Cup
Sports
Athletes
MLB
NBA
NHL
NFL
Soccer
Sports Teams
WWE
NCAA
Football
Premier League
Basketball
Baseball
Hockey
Golf
Tennis
Cricket
Rugby
Auto Racing
Olympics
World Cup
Random Quiz
Search Sporcle
×
Quiz Lab
Quiz Lab
Sports
World
Type in answers that appear in a list
Type in answers that appear in a list
Classic
Best Score? Go Orange.
WWA World Tag Team Champions Stats
Can you name the WWA World Tag Team Champions (California Version)?
By
ostpies
12m
29 Questions
112 Plays
112 Plays
112 Plays
Comments
Comments
Give Quiz Kudos
Give Quiz Kudos
-
- Ratings
hide this ad
Replay
Link that replays current quiz
Next Quiz
Link to next quiz in quiz playlist
You Got
0%
They Got
Avg Score
72%
Avg Friend Score
Upgrade to see
Score Distribution
Jump to the score distribution portion of the page
Score
0/29
Timer
12:00
0
Plays Today
Date
Champions
% Correct
October 20 1967
Buddy Austin & Fred Blassie
95.5%
December 15 1967
Buddy Austin & Fred Blassie
95.5%
October 27 1964
Fred Blassie & Mr Moto
94.6%
November 3 1965
Gorilla Monsoon & Luke Graham
86.6%
January 3 1966
Gorilla Monsoon & El Mongol
86.6%
April 17 1966
Buddy Austin & El Mongol
86.6%
June 24 1966
Pedro Morales & Luis Hernandez
81.3%
December 10 1966
Pedro Morales & Mark Lewin
81.3%
February 10 1967
Pedro Morales & Ricky Romero
81.3%
June -
-
1967
Pedro Morales & Ricky Romero
81.3%
July 25 1967
Pedro Morales & Victor Rivera
81.3%
December 1 1967
Pedro Morales & Antonio Pugliese
81.3%
July 30 1964
The Destroyer & Hard Boiled Haggerty
75%
November 3 1964
The Destroyer & Hard Boiled Haggerty
75%
February 1 1964
Edouard Carpentier & Ernie Ladd
74.1%
Date
Champions
% Correct
October 28 1966
Hard Boiled Haggerty & El Shereef
73.2%
January 3 1967
Hard Boiled Haggerty & El Shereef
73.2%
December 9 1964
Edouard Carpentier & Cowboy Bob Ellis
72.3%
August 8 1965
The Kentuckians
70.5%
September 14 1965
The Kentuckians
70.5%
May 12 1965
The Assassins
69.6%
September 7 1965
The Assassins
69.6%
May 19 1967
Mike DiBiase & Killer Karl Kox
60.7%
June 30 1967
Mike DiBiase & Karl Gotch
60.7%
February 9 1966
Albert Torres & Thunderbolt Patterson
58.9%
April 28 1964
Alberto Torres & Ramon Torres
56.3%
February 1 1968
Les Medicos
50.9%
February 27 1964
Fabulous Kangaroos
38.4%
March 20 1965
Kurt Von Stroheim & Karl Von Stroheim
13.4%
Quiz Playlist
Details
Report
Send in Message
Add To Playlist
Classic:
Type in answers that appear in a list
Quiz Source
Last Updated: Feb 16, 2017
Quiz Scoreboard
CHALLENGE
Sign Up to Join the Scoreboard
Show All
Scores
Hide
Comments
May contain spoilers
Recently Published
Image Sorting: Flags VI
by Barbecue
Geography
2m
Find the 'City' Movie
by crazypaving
Movies
60s
Colored Red Africa Blitz
by spor1
Geography
45s
More to Explore
Quiz From the Vault
Featured Blog Post
14 Easter Pick-up Lines to Find Eggs With
hide this ad
You Might Also Like...
Tags
World Quiz
California
champion
date
tag
Tag Team
team
Version
WWA
Today's Top Quizzes in Sports
Browse Sports
hide this ad
Today's Top Quizzes in World
Browse World
Top Contributed Quizzes in Sports
1
Les meilleurs buteurs des matchs entre le PSG et l’OM
2
Les entraîneurs de l'OM et du PSG au 21e siècle
3
2022 World Cup Stars
4
Les joueurs passés par le PSG et l'OM
5
Players with Multiple 50 Home Run Seasons
6
Criteria MLB: Left Handed Sluggers
7
FIFA Club World Cup Champions
8
Les joueurs passés par le LOSC et le RC Lens
9
NBA Logic Puzzle 2.0
10
Top 10 NHL Goal Scorers of All Time
Explore More
Trending Topics
Marvel
Crossword
Anime
Kpop
NBA
Disney
Harry Potter
Song
NFL
The Office
Puzzle
WWE
Country
Soccer
Pokémon
hide this ad
More By:
ostpies
Quiz
Plays
Rating
Category
Featured
Created
Memphis Southern Heavyweight Champions
3,643
4.33
Entertainment
Dec 14, 2011
AWA Tag Team Champions
1,319
Entertainment
Oct 30, 2012
WWE Linear Championship
1,302
3.64
Sports
Jan 20, 2015
NWA Florida Heavyweight Title (1966-88)
1,294
4.75
Sports
Feb 26, 2014
NWA Florida Southern Heavyweight Title 1960-87
644
5.00
Sports
Aug 6, 2015
Go to Creator's Profile
Score Distribution
Quiz Creator Spotlight
ostpies
Follow
Send a Message
Quizzes Created
-
Created Quiz Play Count
-
More By This Creator
Popular Quizzes Today
1
Colored Red Africa Blitz
2
Find the US States - No Outlines Minefield
3
Find the 'City' Movie
4
5x2 Blitz: Bands
5
The Countries of the World
6
Find the US States
7
Find the Countries of Europe - No Outlines Minefield
8
US States
More Sports Quizzes
MLB Most Single Season Home Runs
Published
Trending Quizzes
Colored Red Europe Blitz I
Colored Red Europe Blitz II
Colored Red Africa Blitz II
Colored Red Europe Blitz III
Colored Red Africa Blitz III
Recently Updated
How Do You Spell That?
pecheneg
Godzilla Movies
pecheneg
Grab Bag: 4-10 Letters
pecheneg
2024 March Madness Bracket
pecheneg
Famous TV Couples
Peacemaker
Champions League XIs: Real Madrid
pecheneg
Largest US Cities 1790-2010
pecheneg
Rides in Walt Disney World
pecheneg
Most Oscar Losses (Acting)
pecheneg
Beyoncé Albums
pecheneg
Trending Topics
NBA
Kpop
Harry Potter
Anime
Marvel
Disney
Crossword
The Office
NFL
WWE
Soccer
Pokémon
Song
Country
Puzzle
Your Account Isn't Verified!
In order to create a playlist on Sporcle, you need to verify the email address you used during registration. Go to your
Sporcle Settings
to finish the process.
Report this User
Report this user for behavior that violates our
Community Guidelines
.
Details:
Send Report
Go to the Sporcle.com Mobile Site →
Comments